Normal view
MARC view
- Jagjit Singh Bant Singh
Entry Personal Name
001 - CONTROL NUMBER
- control field: 3981
003 - CONTROL NUMBER IDENTIFIER
- control field: OSt
005 - DATE AND TIME OF LATEST TRANSACTION
- control field: 20170512120525.0
008 - FIXED-LENGTH DATA ELEMENTS
- fixed length control field: 170512|| aca||aabn | a|a d
040 ## - CATALOGING SOURCE
- Original cataloging agency: OSt
- Transcribing agency: OSt
100 ## - HEADING--PERSONAL NAME
- Personal name: Jagjit Singh Bant Singh
670 ## - SOURCE DATA FOUND
- Source citation: Work cat.: (OSt)0: Jagjit Singh Bant Singh, Practical approach to the enforcement of intellectual property rights /, 2009

PORTAL AKMAL
E-MEL JKDM
AKMAL2U
G-BAM
u-PUSTAKA